Lifecourse migration of metro - politan whites and blacks and the structure of demographic change in large central cities (Record no. 15527)

000 -LEADER
fixed length control field 00449pab a2200145 454500
008 - FIXED-LENGTH DATA ELEMENTS--GENERAL INFORMATION
fixed length control field 180718b1984 xxu||||| |||| 00| 0 eng d
100 ## - MAIN ENTRY--PERSONAL NAME
Personal name Frey, William H.
245 ## - TITLE STATEMENT
Title Lifecourse migration of metro - politan whites and blacks and the structure of demographic change in large central cities
260 ## - PUBLICATION, DISTRIBUTION, ETC.
Date of publication, distribution, etc. 1984
300 ## - PHYSICAL DESCRIPTION
Extent 803-27
362 ## - DATES OF PUBLICATION AND/OR SEQUENTIAL DESIGNATION
Dates of publication and/or sequential designation Dec.
650 ## - SUBJECT ADDED ENTRY--TOPICAL TERM
Topical term or geographic name entry element Population - Migration
773 ## - HOST ITEM ENTRY
Main entry heading American Sociological Review
909 ## -
-- 15527
Holdings
Withdrawn status Lost status Damaged status Not for loan Permanent Location Current Location Date acquired Serial Enumeration / chronology Barcode Date last seen Price effective from Koha item type
        Indian Institute of Public Administration Indian Institute of Public Administration 2018-07-19 Volume no: 49, Issue no: 6 AR15584 2018-07-19 2018-07-19 Articles

Powered by Koha